<?xml version="1.0" encoding="UTF-8"?>
<record
    xmlns:xsi="http://www.w3.org/2001/XMLSchema-instance"
    xsi:schemaLocation="http://www.loc.gov/MARC21/slim http://www.loc.gov/standards/marcxml/schema/MARC21slim.xsd"
    xmlns="http://www.loc.gov/MARC21/slim">

  <leader>04278nab a2200349 i 4500</leader>
  <controlfield tag="003">BR-BrBNA</controlfield>
  <controlfield tag="005">20250314104322.0</controlfield>
  <controlfield tag="008">250314b2017    bl.|r|pooa||| 00| 0 por |</controlfield>
  <datafield tag="040" ind1=" " ind2=" ">
    <subfield code="a">BR-BrBNA</subfield>
    <subfield code="b">por</subfield>
  </datafield>
  <datafield tag="072" ind1=" " ind2=" ">
    <subfield code="a">F01</subfield>
    <subfield code="b">1930</subfield>
  </datafield>
  <datafield tag="072" ind1=" " ind2=" ">
    <subfield code="a">L02</subfield>
  </datafield>
  <datafield tag="100" ind1=" " ind2=" ">
    <subfield code="a">Lopes, C.M. </subfield>
  </datafield>
  <datafield tag="100" ind1=" " ind2=" ">
    <subfield code="a">Paciullo,  D.S.C. </subfield>
  </datafield>
  <datafield tag="100" ind1=" " ind2=" ">
    <subfield code="a">Ara&#xFA;jo, S.A.C. </subfield>
  </datafield>
  <datafield tag="100" ind1=" " ind2=" ">
    <subfield code="a">Gomide, C.A.M. </subfield>
  </datafield>
  <datafield tag="100" ind1=" " ind2=" ">
    <subfield code="a">Morenz, M.J.F. </subfield>
  </datafield>
  <datafield tag="100" ind1=" " ind2=" ">
    <subfield code="a">Villela, S.D.J. </subfield>
  </datafield>
  <datafield tag="245" ind1=" " ind2=" ">
    <subfield code="a">Massa de forragem, composi&#xE7;&#xE3;o morfol&#xF3;gica e valor nutritivo de capim-braqui&#xE1;ria submetido a n&#xED;veis de sombreamento e fertiliza&#xE7;&#xE3;o</subfield>
  </datafield>
  <datafield tag="500" ind1=" " ind2=" ">
    <subfield code="a">
Publica&#xE7;&#xE3;o online; 24 ref.; 3 tables; Summaries (En, Pt)</subfield>
  </datafield>
  <datafield tag="520" ind1=" " ind2=" ">
    <subfield code="a">


RESUMO - Caracter&#xED;sticas produtivas e nutricionais de Brachiaria decumbens, submetida a condi&#xE7;&#xF5;es de sombreamento (sol pleno, 20% e 70% de sombreamento), sem e com uso de fertiliza&#xE7;&#xE3;o (80 kg.ha-1 de N e K2O e 60 kg.ha-1 de P2O5), foram avaliadas no delineamento de blocos casualizados, com quatro repeti&#xE7;&#xF5;es. As parcelas sombreadas foram alocadas em um sistema silvipastoril, enquanto aquelas a pleno sol foram avaliadas em um monocultivo de B. decumbens. O sombreamento severo promoveu redu&#xE7;&#xF5;es de 54% na massa seca verde, 59% na massa seca total e 58% na densidade volum&#xE9;trica de forragem. Aumentos da massa de forragem e da densidade volum&#xE9;trica em resposta ao fertilizante foram observados somente nas condi&#xE7;&#xF5;es de sol pleno e sombreamento moderado. A aduba&#xE7;&#xE3;o n&#xE3;o influenciou nas caracter&#xED;sticas nutricionais da forragem, mas o sombreamento severo promoveu aumentos de 20 e 51% nos teores de clorofila e de prote&#xED;na bruta, respectivamente. Redu&#xE7;&#xF5;es dos teores de fibra em detergente neutro e fibra em detergente &#xE1;cido foram observadas com o sombreamento. Os teores de lignina e a digestibilidade in vitro da mat&#xE9;ria seca n&#xE3;o variaram com nenhum fator estudado (m&#xE9;dias de 6,0 e 60,9%, respectivamente). A aduba&#xE7;&#xE3;o de B. decumbens com dose moderada de NPK &#xE9; recomendada para doss&#xE9;is cultivados no sol pleno e sombreamento moderado, mas deve ser evitada em pastos severamente sombreados, pois n&#xE3;o reflete aumento de massa de forragem nem melhorias de seu valor nutricional.


Palavras-chave: aduba&#xE7;&#xE3;o de pastagens, Brachiaria decumbens, digestibilidade, prote&#xED;na bruta, sistema silvipastoril </subfield>
  </datafield>
  <datafield tag="520" ind1=" " ind2=" ">
    <subfield code="a">


ABSTRACT - Productive and nutritional traits of Brachiaria decumbens, submitted to shading conditions (full sun, 20% and 70% shading) and fertilization levels (without or with 80 kg.ha-1 of N and K2O and 60 kg.ha-1 of P2O5), were evaluated in a randomized complete block design, with four replications. The shading were allocated in a silvopastoral system, while full sun was obtained in an exclusive B. decumbens pasture. The severe shading reduced the green dry mass in 54%, total dry mass in 59% and the forage bulk density in 58%. Increases in the forage mass and forage bulk density in response to fertilization were observed only in full sun and moderate shade. The nutritional traits did not vary with fertilization, but the chlorophyll and crude protein contents increased 20 and 51% with severe shading, respectively. The neutral detergent fiber and acid detergent fiber reduced with shade. The lignin content and in vitro dry matter digestibility did not vary with factors (average values of 6.0 and 60.9%, respectively). Fertilization with moderate dose of NPK is recommended to B. decumbens in full sun and moderate shading, but should be avoided in severely shaded pasture, because not reflected in improvement of forage mass and its nutritional traits.


Keywords: Brachiaria decumbens, crude protein, digestibility, pasture fertilization, silvopastoral system</subfield>
  </datafield>
  <datafield tag="650" ind1=" " ind2=" ">
    <subfield code="a">CAPIM BRACHIARIA</subfield>
  </datafield>
  <datafield tag="650" ind1=" " ind2=" ">
    <subfield code="a">SOMBREAMENTO</subfield>
  </datafield>
  <datafield tag="650" ind1=" " ind2=" ">
    <subfield code="a">PASTAGEM</subfield>
  </datafield>
  <datafield tag="650" ind1=" " ind2=" ">
    <subfield code="a">ADUBA&#xC7;&#xC3;O</subfield>
  </datafield>
  <datafield tag="650" ind1=" " ind2=" ">
    <subfield code="a">VALOR NUTRITIVO</subfield>
  </datafield>
  <datafield tag="650" ind1=" " ind2=" ">
    <subfield code="a">FORRAGEM</subfield>
  </datafield>
  <datafield tag="773" ind1="0" ind2=" ">
    <subfield code="0">1643</subfield>
    <subfield code="9">348913</subfield>
    <subfield code="d">Belo Horizonte-MG Universidade Federal de Minas Gerais - Escola de Veterinaria 1983</subfield>
    <subfield code="o">2025-1430</subfield>
    <subfield code="t">Arquivo Brasileiro de Medicina Veterin&#xE1;ria e Zootecnia (Brazil)</subfield>
    <subfield code="x">0102-0935</subfield>
    <subfield code="g">v. 69(1) p. 225-233; (2017)</subfield>
    <subfield code="w">BR2025000095</subfield>
  </datafield>
  <datafield tag="856" ind1=" " ind2=" ">
    <subfield code="u">https://www.scielo.br/j/abmvz/a/hDkfG3yc4qgCNxgY8BBgWMK/?format=pdf&amp;lang=pt</subfield>
  </datafield>
  <datafield tag="942" ind1=" " ind2=" ">
    <subfield code="c">ANA</subfield>
  </datafield>
  <datafield tag="999" ind1=" " ind2=" ">
    <subfield code="c">330411</subfield>
    <subfield code="d">330411</subfield>
  </datafield>
</record>
